000 01337njm a22002897a 4500
005 20100910155149.0
006 a|||||r|||||00| 0
008 100910t xxu||||| |||| 00| 0 eng d
028 _aECLP.2438
_bHis Master's Voice
035 _aGR-01964
040 _aSED
_cSED
100 _aKaur, Surinder
_919365
245 _aPunjabi /
_cby Surinder Kaur; Music by Kesar Singh Narula; Lyric by Shamsher Singh 'Sher'
_h[sound recording] :
246 _aपंजाबी / सुरिंदर कौर
260 _aDum Dum, India :
_c1969
300 _a1 sound disc [Gramophone Recording] :
_banalog, 33 1/3 rpm ;
_c12.5 in. (LP)
_fGramaphone Records
500 _aBrief record.
505 _aSide1 जीवन कथा श्री गुरु नानक देव (Jeevan Katha Sri Guru Nanak Dev) Surinder Kaur, Side 2 जीवन कथा श्री गुरु नानक देव (Jeevan Katha Sri Guru Nanak Dev) Surinder Kaur
650 _2Excerpts.
_aMotion Picture Music
_bIndia
_919366
700 _aNarula, Kesar Singh
_919421
700 _aSher, Shamsher Singh
_919579
700 _a Sinha ,Sumitra Kumari
_919538
700 _aGulam Mohammad
_919422
700 _a Shakeel Badayuni
_919423
942 _2ddc
_cGR
999 _c45235
_d45235